Southville International School and Colleges
Your cart is empty.
  • Cart
  • Lists
    Public lists Eva Luna New books Lux_list list_1
    Your lists Log in to create your own lists
  • Log in to your account
  • Your cookies
  • Search history
Southville International School and Colleges
  • Advanced search
  • Recent comments
  • Most popular
  • Libraries

Log in to your account

Log in with GOOGLE


If you do not have an external account, but do have a local account, you can still log in:

  1. Home
  2. MARC view: Financial accounting /
Normal view MARC view ISBD view

Financial accounting / (Record no. 276623)

[ view plain ]
MARC details
000 -LEADER
fixed length control field 00323nam a2200133 a 4500
005 - DATE AND TIME OF LATEST TRANSACTION
control field 20141022142008.0
008 - FIXED-LENGTH DATA ELEMENTS--GENERAL INFORMATION
fixed length control field 120228s19uu xx 00 eng d
050 ## - LIBRARY OF CONGRESS CALL NUMBER
Classification number CD-ROM
Item number M48 2001
100 ## - MAIN ENTRY--PERSONAL NAME
Personal name Meigs, Robert
245 ## - TITLE STATEMENT
Title Financial accounting /
Statement of responsibility, etc Robert Meigs.
250 ## - EDITION STATEMENT
Edition statement 10th ed.
260 ## - PUBLICATION, DISTRIBUTION, ETC. (IMPRINT)
Date of publication, distribution, etc 2001.
942 ## - ADDED ENTRY ELEMENTS (KOHA)
Koha item type Audio Visual Materials
Holdings
Withdrawn status Lost status Damaged status Home library Current library Shelving location Date acquired Total Checkouts Full call number Barcode Date last seen Price effective from Koha item type
      College Library College Library Audio Visual Material Section 02/28/2012   CD-ROM M48 2001 BSBA0034 04/12/2014 04/12/2014 Audio Visual Materials

Financial accounting /

APA

Meigs R., . (2001). Financial accounting. : .

Chicago

Meigs Robert, . 2001. Financial accounting. : .

Harvard

Meigs R., . (2001). Financial accounting. : .

MLA

Meigs Robert, . Financial accounting. : . 2001.

  • Place hold
  • Print
  • Cite
  • Add to your cart (remove)
  • Save record
    BIBTEX Dublin Core MARCXML MARC (non-Unicode/MARC-8) MARC (Unicode/UTF-8) MARC (Unicode/UTF-8, Standard) MODS (XML) RIS
  • More searches
    Search for this title in:
    Other Libraries (WorldCat) Other Databases (Google Scholar) Online Stores (Bookfinder.com) Open Library (openlibrary.org)

Exporting to Dublin Core...

SOUTHVILLE LIBRARY

Southville International School and Colleges Library

1281 Tropical Ave. Cor. Luxembourg St., BF Homes International, Las Pinas City

Tel. No. 8256374 / 252358 Loc. 117/146

Powered by Koha